| 000 | 00827cam a2200229 4500 | ||
|---|---|---|---|
| 001 | ##L134452 | ||
| 008 | 060808n2006 000 0 eng u | ||
| 020 | _a1860819222 | ||
| 035 | _a(Sirsi) u134452 | ||
| 041 | 0 | _aeng | |
| 050 | 0 | 4 | _a693.832 $2 18 |
| 110 | 2 | _aBuilding Research Establishment | |
| 245 | 0 | 0 |
_aInstalling thermal insulation _bgood site practice |
| 260 |
_aWatford _bBRE _c2006 |
||
| 300 |
_a8p. _bill. _c30cm. |
||
| 350 | _a10 | ||
| 490 | 0 |
_aBRE Good Building Guide _vGBG 68 Part 2 |
|
| 520 | _aProvides practical guidance in the different methods of building insulation into each part of the house. Part two covers external cavity walls, windows and doors, and further reading. | ||
| 651 | 4 |
_aUnited Kingdom _y |
|
| 690 | _aBUILT ENVIRONMENT-BUILDING ELEMENTS-COMPLETE BUILDING ELEMENTS | ||
| 942 | _n0 | ||
| 999 |
_c105683 _d105683 |
||